Twenty years in Central Africa : (Record no. 216608)
[ view plain ]
| 000 -LEADER | |
|---|---|
| fixed length control field | 00792nam a22001937a 4500 |
| 005 - DATE AND TIME OF LATEST TRANSACTION | |
| control field | 20260415100157.0 |
| 008 - FIXED-LENGTH DATA ELEMENTS--GENERAL INFORMATION | |
| fixed length control field | 260415b |||||||| |||| 00| 0 eng d |
| 040 ## - CATALOGING SOURCE | |
| Original cataloging agency | LC |
| Transcribing agency | UNZA |
| Modifying agency | UNZA |
| Description conventions | RDA |
| 050 ## - LIBRARY OF CONGRESS CALL NUMBER | |
| Classification number | BV3625 |
| Item number | ROW |
| 100 ## - MAIN ENTRY--PERSONAL NAME | |
| Personal name | Rowley, Henry |
| 245 ## - TITLE STATEMENT | |
| Title | Twenty years in Central Africa : |
| Remainder of title | being the story of the Universities' Mission to Central Africa / |
| Statement of responsibility, etc. | Henry Rowley |
| 260 ## - PUBLICATION, DISTRIBUTION, ETC. | |
| Place of publication, distribution, etc. | London : |
| Name of publisher, distributor, etc. | Saunders, Otley, and Co., |
| Date of publication, distribution, etc. | [n.d]. |
| 300 ## - PHYSICAL DESCRIPTION | |
| Extent | 288 pages [ with various pages ] : |
| Other physical details | illustrations. |
| Accompanying material | Maps. |
| 504 ## - BIBLIOGRAPHY, ETC. NOTE | |
| Bibliography, etc. note | Includes illustrations and missionary accounts of Central Africa. |
| 650 ## - SUBJECT ADDED ENTRY--TOPICAL TERM | |
| Topical term or geographic name entry element | Universities' Mission to Central Africa |
| General subdivision | History. |
| 650 ## - SUBJECT ADDED ENTRY--TOPICAL TERM | |
| Topical term or geographic name entry element | Missions |
| General subdivision | History |
| -- | 19th century |
| Geographic subdivision | Africa, Central. |
| 650 ## - SUBJECT ADDED ENTRY--TOPICAL TERM | |
| Topical term or geographic name entry element | Anglican Communion |
| General subdivision | Missions |
| Geographic subdivision | Africa. |
| 942 ## - ADDED ENTRY ELEMENTS (KOHA) | |
| Koha item type | Zambian collection |
| 999 ## - | |
| -- | 216608 |
| -- | 216608 |
| Withdrawn status | Lost status | Source of classification or shelving scheme | Damaged status | Not for loan | Home library | Current library | Shelving location | Date acquired | Total Checkouts | Full call number | Barcode | Date last seen | Copy number | Price effective from | Koha item type |
|---|---|---|---|---|---|---|---|---|---|---|---|---|---|---|---|
| Library of Congress Classification | Main Library | Main Library | Special collections | 04/15/2026 | BV3625 ROW | 33729001861686 | 04/15/2026 | C.1 | 04/15/2026 | Zambian collection |